000 00458cam a22001457a 4500
008 180718b1979 xxu||||| |||| 00| 0 eng d
082 _aT2196 In8in
100 _aDe Vries, Barend A.
245 _aIndustrialization and employment: the role of small and medium sized manufacturing firms
_cby Barend A. De Vries
260 _aWashington, D.C.
_bIBRD
_c1979
300 _a47-62p.
650 _aEmployment
650 _aIndustry, Small - Scale
700 _aIBRD
999 _c224303
_d224303